000
00228nam a22000977a 4500
040
_c
AIC
082
_a
AIC MAR 1995 C227 Or.
245
_a
HANDBOOK OF TROPICAL LEGUME CULTIVATION.
260
_a
phnom penh
_b
rua
_c
1995
942
_c
EK
999
_c
21349
_d
21349